Weihnachtssongs in den Top 10 - Statistiken

Allgemein
  • Dieses Quiz wurde 38 mal gespielt
  • Das Durchschnittsergebnis liegt bei 8 aus 28
Antwortstatistiken
Pl. W Song Jahr Künstler % Korrekt
1 184 Last Christmas 1984 Wham!
100%
1 113 All I Want For Christmas Is You 1994 Mariah Carey
80%
3 92 Driving Home For Christmas 1986 Chris Rea
43%
6 34 Snowman 2017 Sia
43%
6 48 Santa Tell Me 2014 Ariana Grande
37%
1 77 Do They Know It's Christmas? 1984 Band Aid
37%
7 21 Do They Know It's Christmas? 2004 Band Aid 20
37%
2 15 Do They Know It's Christmas? 2014 Band Aid 30
37%
1 5 Do They Know It's Christmas? (Deutsche Version) 2014 Band Aid 30 Germany
37%
3 151 Wonderful Dream (Holidays Are Coming) 2000 Melanie Thornton
34%
6 49 It's Beginning To Look A Lot Like Christmas 2011 Michael Bublé
34%
4 26 Merry Christmas 2021 Ed Sheeran & Elton John
31%
8 47 Thank God It's Christmas 1984 Queen
29%
6 57 Happy Xmas (War Is Over) 1971 John & Yoko Ono / Plastic Ono Band
26%
7 44 Wonderful Christmastime 1979 Paul McCartney
20%
1 31 Mary's Boy Child / Oh My Lord 1978 Boney M.
17%
5 76 Feliz Navidad 1970 José Feliciano
17%
3 52 Merry Christmas Everyone 1985 Shakin' Stevens
17%
3 42 Rockin' Around The Christmas Tree 1958 Brenda Lee
14%
5 44 Underneath The Tree 2013 Kelly Clarkson
14%
4 47 The Best Side Of Life 2006 Sarah Connor
14%
4 26 Christmas In My Heart 2005 Sarah Connor
14%
4 52 Hallelujah 2016 Pentatonix
11%
5 39 Let It Snow! Let It Snow! Let It Snow! 1959 Dean Martin
9%
4 21 Merry Xmas Everybody 1973 Slade
9%
6 42 Jingle Bell Rock 1957 Bobby Helms
6%
3 7 Do They Know It's Christmas? 2003 TV Allstars
6%
8 15 Coming Home For Christmas 2005 Banaroo
3%
Keine übereinstimmenden Quizze gefunden
Verteilung der Resultate
Anzahl Personen mit jedem Resultat
Perzentil nach korrekt beantworteten Fragen
Ihre Resultats-Entwicklung
Sie haben dieses Quiz noch nicht gespielt